000 00542nam a2200217Ia 4500
003 OSt
005 20220928144004.0
006 a|||||r|||| 00| 0
007 ta
008 220927b |||||||| |||| 00| 0 eng d
024 _a23408
037 _cTextual
040 _aSDCL
_cSDCL
_beng
041 _2eng
_aeng
082 _aO152,3M80x, P1.5
100 _aSharma Sunita Ed.
245 0 _aPremchand ganthawoli.
260 _c2001
942 _hO152,3M80x, P1.5
_cTEXL
_2CC
999 _c825354
_d825354